000 00794cam a2200301 i 4500
001 768714001
003 CO-MdFUSB
005 20250527160154.0
007 ta
008 250527t1982 -us||||| |||| 00| 0 eng d
020 _a0-88207-308-7
040 _cCO-MdFUSB
041 0 _aeng
082 0 4 _223
_a248.4
_bS4389p
100 1 _aSeamands, David A.
_eautor
245 1 0 _aPutting away childish things
_c/ David A. Seamands
264 1 _aWheaton, ILL., USA :
_bVictor Books,
_c[1982]
264 4 _c©1982
300 _a144 páginas
336 _atexto
_btxt
_2rdacontent
337 _2rdamedia
_asin mediación
_bn
338 _2rdacarrier
_avolumen
_bnc
563 _aRústicos
650 0 _aVida cristiana
_919
942 _cBK
945 _aMiguel Gómez
999 _c35962
_d35962